000 00530cam a22002171 4500
001 sa 66005029
003 DLC
005 20260227112247.0
008 890615s1965 ii 000 0 hino
010 _asa 66005029
035 _a(OCoLC)19877037
040 _aDLC
_cWaU
_dDLC
042 _apremarc
050 0 0 _aPK2033
_b.R6
100 1 _aRoy, Upendra Nath,
_d1937-
245 1 0 _aNaī-samīkshā : purānā-sāhitya.
260 _c[1965]
300 _a148 p.
_c19 cm.
500 _aIn Hindi.
650 0 _aHindi literature.
999 _c69762
_d69762